000 00556nam a2200217Ia 4500
003 0100
008 130227s9999 xx 000 0 und d
040 _cARRUPELIB
050 _aBL2470.U3W4
100 _aWelbourne, Frederich Burkewood
245 _aReligion and politics in Uganda 1952-1962
260 _aNairobi
260 _bEast African Publishing House
260 _C1965
300 _aiv
300 _b 78p 21cm
650 _bShiites Iran - History
650 _cIslam and politics - Iran
650 _dIran - Religion
942 _2lcc
_01
999 _c5337
_d5337